书目信息 |
| 题名: |
史密斯行动
|
|
| 作者: | 杜波斯基, 著 ;屈宗利 译 | |
| 分册: | ||
| 出版信息: | 北京 作家出版社 2005.08 |
|
| 页数: | 235页 | |
| 开本: | 21cm | |
| 丛书名: | ||
| 单 册: | ||
| 中图分类: | I712.45 | |
| 科图分类: | ||
| 主题词: | 长篇小说--chang pian xiao shuo--美国--现代 | |
| 电子资源: | ||
| ISBN: | 7-5063-3319-8 | |
| 000 | 01006nam0 2200277 450 | |
| 001 | 012008760871 | |
| 005 | 20080424172711.32 | |
| 010 | @a7-5063-3319-8@dCNY18.00 | |
| 100 | @a20080424d2005 km y0chiy0120 ea | |
| 101 | 1 | @achi@ceng |
| 102 | @aCN@b110000 | |
| 105 | @ay z 000ay | |
| 106 | @ar | |
| 200 | 1 | @a史密斯行动@Ashi mi si xing dong@f凯茜·依丝特·杜波斯基著@Fkai qian·yi si te·du bo si ji zhu |
| 210 | @a北京@c作家出版社@d2005.08 | |
| 215 | @a235页@d21cm | |
| 304 | @a译者取自封面 | |
| 312 | @a英文并列提名取自封面。 | |
| 330 | @a本书是一本美国现代长篇小说。本书讲述了一个无以伦比的爱情故事。简·史密斯与约翰·史密斯实际上受雇于两个相互竞争的组织,他们下一个任务是互相暗杀等… | |
| 510 | 1 | @aMr.and Mrs. Smith@zeng |
| 606 | 0 | @a长篇小说@Achang pian xiao shuo@y美国@z现代 |
| 690 | @aI712.45@v4 | |
| 701 | 1 | @a杜波斯基,@Adu bo si ji,@bC. E.@g(Dubowski, Cathy East)@4著 |
| 702 | 0 | @a屈宗利@Aqu zong li@4译 |
| 801 | 0 | @aCN@bQSSK@c20080424 |
| 905 | @b20703771-73@dI712.45@eD806@f3 | |
| 史密斯行动/凯茜·依丝特·杜波斯基著.-北京:作家出版社,2005.08 |
| 235页;21cm |
| ISBN 7-5063-3319-8:CNY18.00 |
| 本书是一本美国现代长篇小说。本书讲述了一个无以伦比的爱情故事。简·史密斯与约翰·史密斯实际上受雇于两个相互竞争的组织,他们下一个任务是互相暗杀等… |
| ● |
| 相关链接 |
|
|
|
正题名:史密斯行动
索取号:I712.45/D806
 
预约/预借
| 序号 | 登录号 | 条形码 | 馆藏地/架位号 | 状态 | 备注 |
| 1 | 703771 | 207037712 | 社科二线422/422社科库 28排2列4层/ [索取号:I712.45/D806] | 在馆 | |
| 2 | 703772 | 207037721 | 文学库116/116文学库 26排4列5层/ [索取号:I712.45/D806] | 在馆 | |
| 3 | 703773 | 207037730 | 文学库116/116文学库 26排4列5层/ [索取号:I712.45/D806] | 在馆 |